Stories and Inspirations/ (Record no. 203335)

MARC details
000 -LEADER
fixed length control field 00584 a2200193 4500
005 - DATE AND TIME OF LATEST TRANSACTION
control field 20240528151408.0
010 ## - LCCN (DPL NO)
LC control number B-759221`
020 ## - INTERNATIONAL STANDARD BOOK NUMBER
International Standard Book Number 9789350692578
Terms of availability 40.00
035 ## - SYSTEM CONTROL NUMBER
System control number B-759221
037 ## - SOURCE OF ACQUISITION
Source of stock number/acquisition Gift
082 ## - DEWEY DECIMAL CLASSIFICATION NUMBER
Classification number S
100 ## - MAIN ENTRY--PERSONAL NAME
Personal name Balasubramanya, Aravind
245 ## - TITLE STATEMENT
Title Stories and Inspirations/
Remainder of title Aravind Balasubramanya
260 ## - PUBLICATION, DISTRIBUTION, ETC. (IMPRINT)
Place of publication, distribution, etc Prasanthi Nilayam
Name of publisher, distributor, etc Sri Sathya Sai Sadhana Trust Publication Division
Date of publication, distribution, etc 2017
270 ## - ADDRESS
Address Prasanthi Nilayam
City Banglore
Postal code 515134
300 ## - PHYSICAL DESCRIPTION
Extent 102 p.
Dimensions 21 cm(Pb)
942 ## - ADDED ENTRY ELEMENTS (KOHA)
Institution code [OBSOLETE] dpl
Item type Children Books
Source of classification or shelving scheme Dewey Decimal Classification
Classification part S
Call number suffix BAL
Holdings
Withdrawn status Lost status Not for loan Collection code Home library Current library Date acquired Source of acquisition Cost, normal purchase price Full call number Barcode Copy number Cost, replacement price Koha item type Public note
      Fiction Ashok Vihar Ashok Vihar 28/05/2024 Gift/28.5.24 40.00 S BAL B-759221 1 40.00 Children Books Gift

© Delhi Public Library
Hit Counter
free hit counter